| 000 | 01018nam a2200253Ia 4500 | ||
|---|---|---|---|
| 003 | OSt | ||
| 005 | 20220923211225.0 | ||
| 006 | a|||||r|||| 00| 0 | ||
| 007 | ta | ||
| 008 | 220922b |||||||| |||| 00| 0 hin d | ||
| 020 |
_a9788170287285 (hbk) _c150 |
||
| 024 | _a234,495 | ||
| 037 |
_b447, 19/03/2008, Swaraj Prakashan _cTextual |
||
| 040 |
_aARTS _cARTS _bhin |
||
| 041 |
_2hin _ahin |
||
| 082 | _aV2:51xM69w, 152P8 | ||
| 100 |
_aगांधी, मोहनदास करमचन्द _9159938 |
||
| 245 | 0 |
_aसत्य के प्रयोग _b गांधी की संक्षिप्त आत्मकथा |
|
| 246 | _aSatya ke prayoga: gāandhī kī sankṣpunta ātmakathā | ||
| 260 |
_aदिल्ली _b राजपाल एण्ड सन्स _c2008 |
||
| 300 |
_a187पृ. _ccm. |
||
| 942 |
_hV2:51xM69w, 152P8 _cTEXL _2CC |
||
| 999 |
_c297223 _d297223 |
||